000 00248nam a2200109Ia 4500
008 220204s9999 xx 000 0 und d
082 _a82-3
_bCRE
100 _aCremer, Jan
245 0 _aI, Jan Cremer
260 _aHerts
_bGranada
_c1975
942 _cBK
999 _c28543
_d28543